header

The politics of prevention (Record no. 118129)

MARC details
000 -LEADER
fixed length control field 01730nam a2200433 a 4500
100 1# - MAIN ENTRY--AUTHOR NAME
Personal name Boler, Tania.
245 14 - TITLE STATEMENT
Title The politics of prevention
260 ## - PUBLICATION, DISTRIBUTION, ETC. (IMPRINT)
Place of publication London ;
-- Ann Arbor, Mich. :
Name of publisher Pluto Press ;
Place of publication Auckland Park, South Africa :
Name of publisher Jacana,
Year of publication 2008.
300 ## - PHYSICAL DESCRIPTION
Number of Pages xi, 162 p. :
Other physical details ill.
500 ## - GENERAL NOTE
General note "actionaid."
650 #0 - SUBJECT ADDED ENTRY--TOPICAL TERM
Topical Term AIDS (Disease)
Topical Term AIDS (Disease)
Topical Term AIDS (Disease)
Topical Term HIV (Viruses)
Topical Term HIV (Viruses)
700 1# - ADDED ENTRY--PERSONAL NAME
Personal name Archer, David.
856 40 - ELECTRONIC LOCATION AND ACCESS
Uniform Resource Identifier http://site.ebrary.com/lib/rucke/Doc?id=10480055

No items available.

© 2026 Rongo University
Contact us: librarian | system librarian | Rongo university